Normal view
MARC view
- Abdur Rahim
Entry Personal Name
001 - CONTROL NUMBER
- control field: 4152
003 - CONTROL NUMBER IDENTIFIER
- control field: OSt
005 - DATE AND TIME OF LATEST TRANSACTION
- control field: 20210902100835.0
008 - FIXED-LENGTH DATA ELEMENTS
- fixed length control field: 210902|| aca||aabn | a|a d
040 ## - CATALOGING SOURCE
- Original cataloging agency: OSt
- Transcribing agency: OSt
100 ## - HEADING--PERSONAL NAME
- Personal name: Abdur Rahim
670 ## - SOURCE DATA FOUND
- Source citation: Work cat.: (OSt)2456: Rahim, Abdur 4150, The Principles Of Muhammadan Jurisprudence, c1911
